Troubleshooting manufacturing processes : (Record no. 163640)

MARC details
000 -LEADER
fixed length control field 01211nam a2200277 a 4500
008 - FIXED-LENGTH DATA ELEMENTS--GENERAL INFORMATION
fixed length control field
020 ## - INTERNATIONAL STANDARD BOOK NUMBER
International Standard Book Number 0872633268 (hbk.)
049 0# - LOCAL HOLDINGS (OCLC)
Holding library MAIN
050 00 - LIBRARY OF CONGRESS CALL NUMBER
Classification number TS183 TRO
003 - CONTROL NUMBER IDENTIFIER
control field
005 - DATE AND TIME OF LATEST TRANSACTION
control field 20230123134316.0
040 ## - CATALOGING SOURCE
Transcribing agency NUST
245 00 - TITLE STATEMENT
Title Troubleshooting manufacturing processes :
Remainder of title adapted from the Tool and manufacturing engineers handbook : a reference book for manufacturing engineers, managers, and technicians /
Statement of responsibility, etc. [edited by] LaRoux K. Gillespie.
260 ## - PUBLICATION, DISTRIBUTION, ETC.
Place of publication, distribution, etc. Dearborn, Mich. :
Name of publisher, distributor, etc. Society of Manufacturing Engineers,
Date of publication, distribution, etc. c1988.
300 ## - PHYSICAL DESCRIPTION
Extent 1 v. (various pagings) :
Other physical details ill. ;
Dimensions 29 cm.
500 ## - GENERAL NOTE
General note "Produced under the supervision of the SME Publications Committee in cooperation with the SME technical divisions."
500 ## - GENERAL NOTE
General note "Fourth edition."
504 ## - BIBLIOGRAPHY, ETC. NOTE
Bibliography, etc. note Includes bibliographies and index.
650 #0 - SUBJECT ADDED ENTRY--TOPICAL TERM
Topical term or geographic name entry element Manufacturing processes
General subdivision Handbooks, manuals, etc.
650 #0 - SUBJECT ADDED ENTRY--TOPICAL TERM
Topical term or geographic name entry element Production engineering
General subdivision Handbooks, manuals, etc.
700 1# - ADDED ENTRY--PERSONAL NAME
Personal name Gillespie, LaRoux K.
710 2# - ADDED ENTRY--CORPORATE NAME
Corporate name or jurisdiction name as entry element Society of Manufacturing Engineers.
Subordinate unit Publications Committee.
730 0# - ADDED ENTRY--UNIFORM TITLE
Uniform title Tool and manufacturing engineers handbook.
907 ## - LOCAL DATA ELEMENT G, LDG (RLIN)
a .b10223447
b 21-03-13
c 15-01-07
942 ## - ADDED ENTRY ELEMENTS (KOHA)
Koha item type Ordinary Loan Books
Holdings
Date last seen Total Checkouts Full call number Barcode Cost, replacement price Price effective from Koha item type Lost status Source of classification or shelving scheme Damaged status Not for loan Collection Withdrawn status Home library Current library Shelving location Date acquired Cost, normal purchase price
01/23/2023 9 TS183 TRO 92003020709 80.00 01/23/2023 BOOKS   LCC     NFIC   MAIN MAIN GEN 01/23/2023 80.00